<?xml version="1.0" encoding="UTF-8"?>
<record
    xmlns:xsi="http://www.w3.org/2001/XMLSchema-instance"
    xsi:schemaLocation="http://www.loc.gov/MARC21/slim http://www.loc.gov/standards/marcxml/schema/MARC21slim.xsd"
    xmlns="http://www.loc.gov/MARC21/slim">

  <leader>03111nam a2200541Ia 4500</leader>
  <controlfield tag="001">647</controlfield>
  <controlfield tag="008">241029s9999    xx            000 0 und d</controlfield>
  <datafield tag="010" ind1=" " ind2=" ">
    <subfield code="a">585</subfield>
  </datafield>
  <datafield tag="041" ind1=" " ind2=" ">
    <subfield code="a">Espa&#xF1;ol</subfield>
  </datafield>
  <datafield tag="082" ind1=" " ind2=" ">
    <subfield code="a">NO APLICA</subfield>
  </datafield>
  <datafield tag="245" ind1=" " ind2="0">
    <subfield code="a">Estrategias utilizadas por los docentes del &#xE1;rea de Ciencias Sociales de la UASD, Centro Mao, en la ense&#xF1;anza de la Historia Dominicana, en el Semestre 2011-2</subfield>
  </datafield>
  <datafield tag="260" ind1=" " ind2=" ">
    <subfield code="a">Valverde</subfield>
  </datafield>
  <datafield tag="300" ind1=" " ind2=" ">
    <subfield code="a">80</subfield>
  </datafield>
  <datafield tag="520" ind1=" " ind2=" ">
    <subfield code="a">29</subfield>
  </datafield>
  <datafield tag="630" ind1=" " ind2=" ">
    <subfield code="a">Docentes</subfield>
  </datafield>
  <datafield tag="630" ind1=" " ind2=" ">
    <subfield code="a">Estrategia</subfield>
  </datafield>
  <datafield tag="650" ind1=" " ind2=" ">
    <subfield code="a">Ciencias Sociales</subfield>
  </datafield>
  <datafield tag="690" ind1=" " ind2=" ">
    <subfield code="a">Elaborado</subfield>
  </datafield>
  <datafield tag="700" ind1=" " ind2=" ">
    <subfield code="e">asesor</subfield>
    <subfield code="a">Herrera, Rafael Dario</subfield>
  </datafield>
  <datafield tag="700" ind1=" " ind2=" ">
    <subfield code="e">autor</subfield>
    <subfield code="a">Rosario Castro, Samuel de Jesus</subfield>
  </datafield>
  <datafield tag="700" ind1=" " ind2=" ">
    <subfield code="e">autor</subfield>
    <subfield code="a">Vargas Ure&#xF1;a, Marta Altagracia</subfield>
  </datafield>
  <datafield tag="901" ind1=" " ind2=" ">
    <subfield code="a">{"1":"Rosario Castro","2":"Vargas Ure&#xF1;a"}</subfield>
    <subfield code="b">{"1":"Samuel de Jesus","2":"Marta Altagracia"}</subfield>
  </datafield>
  <datafield tag="902" ind1=" " ind2=" ">
    <subfield code="a">1</subfield>
  </datafield>
  <datafield tag="903" ind1=" " ind2=" ">
    <subfield code="a">{"1":"Herrera"}</subfield>
    <subfield code="b">{"1":"Rafael Dario"}</subfield>
  </datafield>
  <datafield tag="904" ind1=" " ind2=" ">
    <subfield code="a">Mag&#xED;ster en</subfield>
  </datafield>
  <datafield tag="905" ind1=" " ind2=" ">
    <subfield code="a">Educaci&#xF3;n Superior</subfield>
  </datafield>
  <datafield tag="906" ind1=" " ind2=" ">
    <subfield code="a">2</subfield>
  </datafield>
  <datafield tag="907" ind1=" " ind2=" ">
    <subfield code="a">NO APLICA</subfield>
  </datafield>
  <datafield tag="908" ind1=" " ind2=" ">
    <subfield code="a">NO APLICA</subfield>
  </datafield>
  <datafield tag="909" ind1=" " ind2=" ">
    <subfield code="a">Universidad Aut&#xF3;noma de Santo Domingo (UASD)</subfield>
  </datafield>
  <datafield tag="910" ind1=" " ind2=" ">
    <subfield code="a">NULL</subfield>
    <subfield code="b">NULL</subfield>
  </datafield>
  <datafield tag="911" ind1=" " ind2=" ">
    <subfield code="a">["1"]</subfield>
  </datafield>
  <datafield tag="912" ind1=" " ind2=" ">
    <subfield code="a">NO APLICA</subfield>
  </datafield>
  <datafield tag="913" ind1=" " ind2=" ">
    <subfield code="a">NULL</subfield>
  </datafield>
  <datafield tag="914" ind1=" " ind2=" ">
    <subfield code="a">01 de Diciembre de 2011</subfield>
  </datafield>
  <datafield tag="915" ind1=" " ind2=" ">
    <subfield code="a">30/06/15 11:06</subfield>
  </datafield>
  <datafield tag="916" ind1=" " ind2=" ">
    <subfield code="a">NULL</subfield>
  </datafield>
  <datafield tag="917" ind1=" " ind2=" ">
    <subfield code="a">NULL</subfield>
  </datafield>
  <datafield tag="918" ind1=" " ind2=" ">
    <subfield code="a">NO APLICA</subfield>
  </datafield>
  <datafield tag="919" ind1=" " ind2=" ">
    <subfield code="a">["70","92"]</subfield>
  </datafield>
  <datafield tag="520" ind1=" " ind2=" ">
    <subfield code="a">El objetivo general de esta investigaci&#xF3;n se fundament&#xF3; en determinar las estrategias que utilizan los/as docentes del &#xE1;rea de cienciassociales de la UASD Centro Mao, en la ense&#xF1;anza de la Historia Dominicana, enel semestre acad&#xE9;mico 2011-2.La metodolog&#xED;a utilizada en la investigaci&#xF3;n fue descriptiva. La poblaci&#xF3;n objeto de estudio estuvo compuesta por 4 profesores del &#xE1;rea de Ciencias Sociales de la UASD Centro Mao, y 500 estudiantes de laasignatura Historia Dominicana en el semestre acad&#xE9;mico 2011-2. La muestra seleccionada fue de la totalidad de maestros y de 150 estudiantes. Se utiliz&#xF3; el m&#xE9;todo inductivo y como t&#xE9;cnicas de recolecci&#xF3;n de datos se utilizaron la observaci&#xF3;n y la encuesta.Luego de analizar los datos recolectados la investigaci&#xF3;n concluye que el 75% de los docentes han recibido alg&#xFA;n tipo de facilidades para la capacitaci&#xF3;n y formaci&#xF3;n de los mismos por parte de la Universidad. En relaci&#xF3;n al programa de asignatura Historia Dominicana el 75% de los docentes, lo califico como obsoleto. En relaci&#xF3;n a la variable que se refiere a los tipos de estrategias de ense&#xF1;anza que utilizan los/as docentes, se comprob&#xF3; que las estrategias que estos aplican son aceptables, pero es importante seguir mejorando el uso de estas. El 100% de los docentes dijo que utiliza el m&#xE9;todo constructivista.En base a los resultados se recomienda seguir fortaleciendo las estrategias de ense&#xF1;anza de la Historia Dominicana para la mejora de los aprendizajes de los estudiantes.&#xA0;Es urgente la actualizaci&#xF3;n y la revisi&#xF3;n del programa de Historia Dominicana ya que seg&#xFA;n los resultados esta obsoleto.</subfield>
  </datafield>
  <datafield tag="921" ind1=" " ind2=" ">
    <subfield code="a">16</subfield>
  </datafield>
  <datafield tag="922" ind1=" " ind2=" ">
    <subfield code="a">16</subfield>
  </datafield>
  <datafield tag="923" ind1=" " ind2=" ">
    <subfield code="a">0</subfield>
  </datafield>
  <datafield tag="924" ind1=" " ind2=" ">
    <subfield code="a">NO APLICA</subfield>
  </datafield>
  <datafield tag="942" ind1=" " ind2=" ">
    <subfield code="c">Tesis</subfield>
  </datafield>
  <datafield tag="999" ind1=" " ind2=" ">
    <subfield code="c">585</subfield>
    <subfield code="d">585</subfield>
  </datafield>
</record>
